[Event "Autunno Scacchistico Magistrale"]
[Site "Venezia ITA"]
[Date "2003.10.31"]
[Round "2"]
[White "Pfeifer, Andreas"]
[Black "Rossi, Damiano"]
[Result "1/2-1/2"]
[WhiteElo "2122"]
[BlackElo "2029"]
[PlyCount "102"]
[EventDate "2003.10.30"]

1. e4 e6 2. d4 d5 3. Nd2 dxe4 4. Nxe4 Nf6 5. Nxf6+ Qxf6 6. Nf3 h6 7. Bd3 Bd7 8.
Ne5 Bd6 9. O-O Bxe5 10. dxe5 Qxe5 11. Re1 Qf6 12. Bd2 Bc6 13. Qg4 Nd7 14. Bc3
Qe7 15. Qxg7 O-O-O 16. Bh7 Rxh7 17. Qxh7 Qg5 18. Re4 f5 19. h4 Qg8 20. Qxg8
Rxg8 21. Rxe6 Bxg2 22. Re7 Be4+ 23. Rg7 Rxg7+ 24. Bxg7 h5 25. Re1 Kd8 26. c3
Nc5 27. Bf6+ Kd7 28. Re3 Bd5 29. Bd4 Ne4 30. b3 Nd2 31. Bf6 Be4 32. c4 Nf3+ 33.
Kf1 Nh2+ 34. Ke2 Ng4 35. Bd4 Nxe3 36. Kxe3 Bb1 37. Kd2 a5 38. Kc1 Bd3 39. Kd2
Bb1 40. Kc3 a4 41. Kb4 Bxa2 42. Kxa4 Kd6 43. Kb4 Bb1 44. f4 b6 45. Be5+ Kc6 46.
Kc3 Be4 47. Kd4 Bf3 48. b4 b5 49. c5 Kd7 50. Bf6 Ke6 51. Bd8 c6 1/2-1/2

[Event "Autunno Scacchistico Magistrale"]
[Site "Venezia ITA"]
[Date "2003.10.31"]
[Round "2"]
[White "Quaranta, Cristiano"]
[Black "Di Lascio, Savino"]
[Result "1-0"]
[WhiteElo "1942"]
[BlackElo "2101"]
[PlyCount "59"]
[EventDate "2003.10.30"]

1. d4 Nf6 2. Bg5 Ne4 3. Bf4 d5 4. e3 e6 5. Bd3 Bd6 6. Bxd6 Nxd6 7. Nd2 Nc6 8.
c3 b5 9. Ngf3 a5 10. Ne5 Nxe5 11. dxe5 Nc4 12. Qg4 Nxe5 13. Bxb5+ Kf8 14. Qd4
Qd6 15. O-O c6 16. Be2 c5 17. Qf4 h5 18. Rfd1 Qb8 19. e4 Ng6 20. Qg5 Ba6 21.
Bxa6 Rxa6 22. exd5 h4 23. dxe6 h3 24. Nf3 Ne7 25. Rd7 Rxe6 26. Rad1 Ke8 27. Qf4
Qa8 28. Qc7 Nc6 29. Ng5 Nd4 30. Rd8+ 1-0

[Event "Autunno Scacchistico Magistrale"]
[Site "Venezia ITA"]
[Date "2003.10.31"]
[Round "2"]
[White "Solinas, Carlo"]
[Black "Zanin, Dario"]
[Result "1-0"]
[WhiteElo "2065"]
[BlackElo "2039"]
[PlyCount "97"]
[EventDate "2003.10.30"]

1. e4 e5 2. d4 exd4 3. f4 Bc5 4. Bd3 d6 5. Nf3 Nc6 6. a3 a6 7. O-O Bg4 8. h3
Bxf3 9. Qxf3 Qf6 10. Nd2 Nge7 11. e5 Qh4 12. Kh2 Ng6 13. Ne4 O-O-O 14. Ng5 Rdf8
15. g3 Qh6 16. b4 Ba7 17. Bxa6 Nd8 18. exd6 bxa6 19. Qa8+ Bb8 20. Qxa6+ Kd7 21.
Qb5+ Nc6 22. Qf5+ Kd8 23. b5 Na7 24. Qd5 cxd6 25. Qb7 Ne7 26. Qxb8+ Nac8 27.
Bd2 f6 28. Ne6+ Ke8 29. Nxf8 Rxf8 30. Rae1 Kf7 31. Qc7 Re8 32. Re2 Qh5 33. Qc4+
d5 34. Qd3 Nd6 35. g4 Qh4 36. Be1 Qh6 37. Qxd4 Rc8 38. b6 Rc4 39. Qe3 Re4 40.
Qf3 f5 41. Rxe4 Nxe4 42. b7 Qb6 43. Qb3 Qa6 44. Rf2 Nxf2 45. Bxf2 fxg4 46. b8=Q
Qe2 47. Qg3 Nf5 48. Qc7+ Kf8 49. Qc8+ 1-0

[Event "Autunno Scacchistico Magistrale"]
[Site "Venezia ITA"]
[Date "2003.10.31"]
[Round "2"]
[White "Verducci, Gianni"]
[Black "Artizzu, Giulio"]
[Result "1-0"]
[WhiteElo "1959"]
[BlackElo "2127"]
[PlyCount "67"]
[EventDate "2003.10.30"]

1. e4 c5 2. Nc3 Nc6 3. Nge2 g6 4. g3 Bg7 5. Bg2 e6 6. O-O Nge7 7. d3 O-O 8. f4
d6 9. h3 Rb8 10. g4 f5 11. Ng3 Nd4 12. Nce2 Nec6 13. c3 Nxe2+ 14. Qxe2 Ne7 15.
Bd2 b5 16. exf5 gxf5 17. Nh5 Bh8 18. gxf5 Nxf5 19. Kh2 Rf7 20. Rg1 Kf8 21. Be4
Qe7 22. Rg5 Bb7 23. Rag1 Nh6 24. Qg2 Ke8 25. f5 Be5+ 26. Bf4 exf5 27. Bc6+ Kd8
28. Rg3 Kc7 29. Bxb7 Rxb7 30. Bxh6 Qh4 31. Qf3 Bxg3+ 32. Rxg3 Qe7 33. Nf4 Qd8
34. Ne6+ 1-0

[Event "Autunno Scacchistico Magistrale"]
[Site "Venezia ITA"]
[Date "2003.11.01"]
[Round "3"]
[White "Alberti, Andrea"]
[Black "Mileto, Gabriele"]
[Result "1/2-1/2"]
[WhiteElo "2174"]
[BlackElo "2222"]
[PlyCount "91"]
[EventDate "2003.10.30"]

1. d4 d5 2. c4 c6 3. e3 Nf6 4. Nf3 g6 5. Nc3 Bg7 6. Bd3 O-O 7. O-O Bg4 8. h3
Bxf3 9. Qxf3 e6 10. Rd1 Nbd7 11. Rb1 Re8 12. Qe2 Qe7 13. f4 Red8 14. c5 Ne8 15.
g4 f5 16. g5 b6 17. b4 a5 18. b5 cxb5 19. c6 Nb8 20. Bxb5 Rc8 21. Na4 Qa7 22.
Ba3 Nxc6 23. Bxc6 Rxc6 24. Qb5 Qb7 25. Nxb6 Nc7 26. Qb3 Rb8 27. Nd7 Qxb3 28.
axb3 Rc8 29. b4 Nb5 30. Rd3 Rc3 31. Rxc3 Rxc3 32. Bb2 Rc7 33. Nc5 axb4 34. Nxe6
Rc2 35. Ba1 Nd6 36. Rxb4 Rc1+ 37. Kg2 Rxa1 38. Rb6 Ra2+ 39. Kg1 Nc4 40. Rb7 Bh8
41. Rb8+ Kf7 42. Nc5 Bf6 43. gxf6 Kxf6 44. Nd7+ Ke7 45. Ne5 Nxe3 46. Rb7+
1/2-1/2

[Event "Autunno Scacchistico Magistrale"]
[Site "Venezia ITA"]
[Date "2003.11.01"]
[Round "3"]
[White "Artizzu, Giulio"]
[Black "Quaranta, Cristiano"]
[Result "1-0"]
[WhiteElo "2127"]
[BlackElo "1942"]
[PlyCount "81"]
[EventDate "2003.10.30"]

1. e4 c5 2. Nf3 e6 3. d4 cxd4 4. Nxd4 a6 5. Bd3 Nf6 6. O-O Qc7 7. Nc3 Nc6 8.
Be3 Ne5 9. h3 Nxd3 10. cxd3 d5 11. Rc1 Qd6 12. Ncb5 axb5 13. Nxb5 Qb8 14. Nc7+
Kd7 15. Qb3 Bd6 16. Nxa8 Qxa8 17. f4 dxe4 18. dxe4 Nxe4 19. f5 Ke7 20. Rfd1 Rd8
21. Bb6 Re8 22. Rxd6 Nxd6 23. Qb4 Qb8 24. Rd1 exf5 25. Rxd6 Qxd6 26. Bc5 Rd8
27. Qh4+ f6 28. Bxd6+ Rxd6 29. Qxh7 Kf7 30. Qh5+ Ke7 31. Qh8 Be6 32. Qxg7+ Bf7
33. h4 Rd1+ 34. Kf2 Ke6 35. g4 Rd2+ 36. Ke3 Rh2 37. g5 fxg5 38. hxg5 Rh3+ 39.
Kf2 Rh2+ 40. Kg3 Rh1 41. Qf6+ 1-0

[Event "Autunno Scacchistico Magistrale"]
[Site "Venezia ITA"]
[Date "2003.11.01"]
[Round "3"]
[White "Bonafede, Alessandro"]
[Black "Pechy, Alaster"]
[Result "1-0"]
[WhiteElo "2034"]
[BlackElo "2104"]
[PlyCount "79"]
[EventDate "2003.10.30"]

1. e4 c5 2. Nf3 Nc6 3. d4 cxd4 4. Nxd4 Nf6 5. Nc3 e5 6. Ndb5 d6 7. Bg5 a6 8.
Na3 b5 9. Bxf6 gxf6 10. Nd5 f5 11. c3 Be6 12. exf5 Bxf5 13. Nc2 Bg7 14. Nce3
Be6 15. Bd3 O-O 16. Qh5 f5 17. Nxf5 Rxf5 18. Bxf5 Bxd5 19. Bxh7+ Kf8 20. O-O
Bf7 21. Bg6 Qf6 22. Bxf7 Qxf7 23. Qg4 d5 24. a4 Qb7 25. Qf3+ Qf7 26. Qxf7+ Kxf7
27. axb5 Nb8 28. Ra5 d4 29. f3 Ke6 30. Rfa1 Bh6 31. bxa6 Be3+ 32. Kf1 d3 33. b4
Nc6 34. R5a2 Kd5 35. b5 Ne7 36. Ra4 Nc8 37. Rd1 d2 38. Ke2 Nb6 39. Rg4 Bh6 40.
Rg6 1-0

[Event "Autunno Scacchistico Magistrale"]
[Site "Venezia ITA"]
[Date "2003.11.01"]
[Round "3"]
[White "Buchicchio, Giancarlo"]
[Black "Kiss, Pal"]
[Result "0-1"]
[WhiteElo "1891"]
[BlackElo "2393"]
[PlyCount "28"]
[EventDate "2003.10.30"]

1. e4 c5 2. Nf3 Nc6 3. d4 cxd4 4. Nxd4 Nf6 5. Nc3 e5 6. Ndb5 d6 7. a4 a6 8. Na3
Be6 9. Bg5 Qb6 10. Bxf6 Qxb2 11. Nd5 Bxd5 12. Rb1 Qc3+ 13. Qd2 Qxd2+ 14. Kxd2
Bxe4 0-1

[Event "Autunno Scacchistico Magistrale"]
[Site "Venezia ITA"]
[Date "2003.11.01"]
[Round "3"]
[White "Genna, Jose' Miguel"]
[Black "Dragojlovic, Andjelko"]
[Result "1/2-1/2"]
[WhiteElo "2048"]
[BlackElo "2327"]
[PlyCount "133"]
[EventDate "2003.10.30"]

1. e4 c5 2. Nf3 g6 3. d4 cxd4 4. Nxd4 Bg7 5. Nc3 Nc6 6. Be3 Nf6 7. Bc4 O-O 8.
Bb3 a5 9. f3 d5 10. exd5 Nb4 11. d6 Qxd6 12. O-O Nfd5 13. Nxd5 Nxd5 14. Bxd5
Qxd5 15. c3 b5 16. Qb3 Qxb3 17. axb3 Bd7 18. f4 a4 19. b4 Rfc8 20. Rfc1 f5 21.
Nc2 Be6 22. Bd4 Bh6 23. Be5 Rd8 24. Nd4 Bc4 25. Re1 Rac8 26. Kf2 Kf7 27. g3 Rd5
28. Re3 Rcd8 29. Rae1 Bf8 30. Kg1 h6 31. Nc6 Rc8 32. Nd4 Rd7 33. Nf3 Bd5 34.
Nd4 Rb7 35. Kf2 Ra8 36. Ra1 Rd8 37. Ree1 Rc8 38. Re3 e6 39. Ree1 g5 40. h3 Be7
41. Rg1 Rg8 42. Ke3 h5 43. Kf2 Bd8 44. Rad1 Bb6 45. Ke3 Ra7 46. Ra1 Rd7 47.
Rad1 Bb3 48. Ra1 Rd5 49. h4 gxf4+ 50. gxf4 Rg4 51. Rxg4 fxg4 52. Kf2 Rd8 53.
Kg3 Bc4 54. Re1 Ra8 55. Ra1 Ke8 56. Kf2 Kd7 57. Kg3 Rf8 58. Rd1 Ke8 59. Nxe6
Bxe6 60. Rd6 Bc7 61. Rxe6+ Kd7 62. Rh6 Bxe5 63. fxe5 Rf5 64. e6+ Ke7 65. Kg2
Kd6 66. Kg3 Ke7 67. Kg2 1/2-1/2

[Event "Autunno Scacchistico Magistrale"]
[Site "Venezia ITA"]
[Date "2003.11.01"]
[Round "3"]
[White "Groszpeter, Attila"]
[Black "Boricsev, Oleg"]
[Result "1-0"]
[WhiteElo "2497"]
[BlackElo "2342"]
[PlyCount "93"]
[EventDate "2003.10.30"]

1. e4 c6 2. d4 d5 3. e5 Bf5 4. Nd2 e6 5. Nb3 Nd7 6. Nf3 Ne7 7. Be2 Bg4 8. h3
Bxf3 9. Bxf3 Nf5 10. Bg4 g6 11. Bxf5 exf5 12. g4 fxg4 13. hxg4 Qe7 14. Qe2
O-O-O 15. f4 Qe6 16. Bd2 Re8 17. Qf3 f5 18. g5 h5 19. gxh6 Nf6 20. O-O-O Ne4
21. h7 Qf7 22. Rdg1 Rxh7 23. Rxh7 Qxh7 24. Qg2 Re6 25. Be3 b6 26. Nd2 Nxd2 27.
Bxd2 Qd7 28. Rh1 Bg7 29. Bb4 Qf7 30. Kb1 Re8 31. c4 Kb7 32. cxd5 cxd5 33. Rg1
Bh6 34. Bd2 Rg8 35. Rh1 Rh8 36. Rg1 Rg8 37. a3 Qe6 38. Rh1 Rh8 39. Bb4 Qc6 40.
Bd6 Qc4 41. Qxg6 Qd3+ 42. Ka1 Qf3 43. Rc1 Qxf4 44. Rc7+ Ka6 45. Qf7 Ra8 46.
Qxd5 Qe4 47. Qc4+ 1-0

[Event "Autunno Scacchistico Magistrale"]
[Site "Venezia ITA"]
[Date "2003.11.01"]
[Round "3"]
[White "Jankovic, Alojzije"]
[Black "Fattorelli, Luciano"]
[Result "1-0"]
[WhiteElo "2383"]
[BlackElo "2169"]
[PlyCount "81"]
[EventDate "2003.10.30"]

1. d4 d6 2. Nf3 Nf6 3. c4 Nbd7 4. Nc3 c6 5. g3 e5 6. Bg2 Qc7 7. O-O Be7 8. e4
O-O 9. h3 Re8 10. Be3 Bf8 11. Qc2 a6 12. a3 b6 13. Nd2 Bb7 14. d5 cxd5 15. cxd5
b5 16. Rfc1 Rec8 17. Qd1 Qd8 18. Rc2 g6 19. Bf1 h5 20. b4 Nb6 21. Nb3 Nc4 22.
Bxc4 Rxc4 23. Na5 Rac8 24. Nxc4 Rxc4 25. Bg5 Be7 26. Bxf6 Bxf6 27. Ne2 Rxc2 28.
Qxc2 Qd7 29. Kg2 Bd8 30. f3 Bc8 31. g4 hxg4 32. hxg4 Bb7 33. Qd2 Bf6 34. Rc1
Kh8 35. Rc2 Bd8 36. Nc1 Kg7 37. Kf1 f5 38. gxf5 gxf5 39. Qg2+ Kf8 40. Qg6 fxe4
41. Qh6+ 1-0

[Event "Autunno Scacchistico Magistrale"]
[Site "Venezia ITA"]
[Date "2003.11.01"]
[Round "3"]
[White "Jurkovic, Ante"]
[Black "Verducci, Gianni"]
[Result "1-0"]
[WhiteElo "2317"]
[BlackElo "1959"]
[PlyCount "65"]
[EventDate "2003.10.30"]

1. e4 e6 2. d4 d5 3. Nd2 Nf6 4. Bd3 c5 5. e5 Nfd7 6. c3 Nc6 7. Ne2 Qb6 8. Nf3
cxd4 9. cxd4 Bb4+ 10. Kf1 O-O 11. Nf4 g6 12. Be3 Be7 13. b3 Nb4 14. Bb1 f5 15.
h4 Rf7 16. a3 Na6 17. Rg1 Nf8 18. g4 Bd7 19. Rg3 Bb5+ 20. Kg2 Rg7 21. Nh3 Qd8
22. Bh6 Rf7 23. Nhg5 Bxg5 24. Nxg5 Bd7 25. h5 Qe7 26. Nxf7 Qxf7 27. Bd3 Nc7 28.
a4 Ne8 29. Rc1 Qe7 30. Qd2 b5 31. axb5 Rb8 32. gxf5 exf5 33. Bxf8 1-0

[Event "Autunno Scacchistico Magistrale"]
[Site "Venezia ITA"]
[Date "2003.11.01"]
[Round "3"]
[White "Laketic, Gojko"]
[Black "Del Monaco, Andrea"]
[Result "1-0"]
[WhiteElo "2399"]
[BlackElo "2175"]
[PlyCount "117"]
[EventDate "2003.10.30"]

1. d4 Nf6 2. c4 e6 3. Nf3 b6 4. g3 Bb7 5. Bg2 Be7 6. O-O O-O 7. Re1 d6 8. Nc3
Ne4 9. Ng5 Bxg5 10. Bxg5 f6 11. Bxe4 Bxe4 12. Bxf6 gxf6 13. Nxe4 f5 14. Nc3 Kh8
15. f4 d5 16. Qb3 c6 17. Nd1 Nd7 18. Qe3 Qf6 19. Rc1 c5 20. cxd5 exd5 21. dxc5
Rae8 22. Qd2 Nxc5 23. Nc3 d4 24. Nd5 Qg7 25. Rcd1 Re4 26. e3 Rfe8 27. exd4
Rxe1+ 28. Rxe1 Rxe1+ 29. Qxe1 Qxd4+ 30. Ne3 Ne4 31. Qc1 b5 32. Kg2 Nd6 33. Kh3
Kg7 34. Qc7+ Kg6 35. Qe7 Qf6 36. Qd7 Qd4 37. Ng2 Qd3 38. Qe6+ Kg7 39. Ne3 b4
40. Qxd6 Qxe3 41. Qxb4 Qe2 42. Qc3+ Kg6 43. Qe5 Qc2 44. Qe6+ Kg7 45. Qe7+ Kg6
46. b4 Qb1 47. Kh4 h6 48. Qd6+ Kg7 49. Qe7+ Kg6 50. Qe6+ Kg7 51. Qe5+ Kg6 52.
Qe6+ Kg7 53. Qd7+ Kg6 54. Qe8+ Kg7 55. Qe5+ Kg6 56. g4 fxg4 57. f5+ Kh7 58.
Qe7+ Kg8 59. f6 1-0

[Event "Autunno Scacchistico Magistrale"]
[Site "Venezia ITA"]
[Date "2003.11.01"]
[Round "3"]
[White "Navarro, Emanuele"]
[Black "Drazic, Sinisa"]
[Result "0-1"]
[WhiteElo "2217"]
[BlackElo "2467"]
[PlyCount "76"]
[EventDate "2003.10.30"]

1. d4 Nf6 2. Nf3 e6 3. Bg5 h6 4. Bf4 c5 5. c3 Nc6 6. Nbd2 d5 7. e3 Qb6 8. Qb3
c4 9. Qc2 Nh5 10. Be5 Be7 11. b3 cxb3 12. axb3 O-O 13. g4 Nf6 14. g5 hxg5 15.
Nxg5 g6 16. Rg1 Nxe5 17. dxe5 Ne4 18. Ngxe4 dxe4 19. Qxe4 Kg7 20. Bd3 Rh8 21.
Ra4 Rh6 22. Qf3 Bd7 23. Rf4 Rf8 24. Qg3 Be8 25. Bc2 Qa5 26. Ne4 Bc6 27. b4 Qa2
28. Kd2 Rd8+ 29. Nd6 Bxd6 30. exd6 Ba4 31. Rc1 e5 32. Rf3 Qd5+ 33. Ke1 Bxc2 34.
Rxc2 Qxd6 35. Kf1 Rdh8 36. Kg2 Rxh2+ 37. Qxh2 Rxh2+ 38. Kxh2 Qd1 0-1

[Event "Autunno Scacchistico Magistrale"]
[Site "Venezia ITA"]
[Date "2003.11.01"]
[Round "3"]
[White "Rigo, Gianfrancesco"]
[Black "Vianello, Enrico"]
[Result "1-0"]
[WhiteElo "2059"]
[BlackElo "2115"]
[PlyCount "81"]
[EventDate "2003.10.30"]

1. e4 c5 2. Nf3 Nc6 3. d4 cxd4 4. Nxd4 Nf6 5. Nc3 e5 6. Ndb5 d6 7. Bg5 a6 8.
Bxf6 gxf6 9. Na3 b5 10. Nd5 f5 11. Bd3 Be6 12. Qh5 Rg8 13. c3 Rxg2 14. Qf3 Rg8
15. exf5 Bxd5 16. Qxd5 Ne7 17. Qf3 Rb8 18. f6 Ng6 19. Qc6+ Qd7 20. Qxa6 Kd8 21.
Nxb5 Qb7 22. Qa5+ Qb6 23. Qxb6+ Rxb6 24. a4 Nf4 25. Bxh7 Rh8 26. Be4 Ne6 27. c4
Rh4 28. f3 Nc5 29. a5 Ra6 30. Nc3 Bh6 31. b4 Nb3 32. Ra2 Be3 33. Nd5 Bh6 34.
Rg1 Rh5 35. Rg8+ Kd7 36. Rag2 Ra7 37. Nb6+ Ke6 38. Nd5 Kd7 39. Rb8 Rg5 40. Rxg5
Bxg5 41. Bf5+ 1-0

[Event "Autunno Scacchistico Magistrale"]
[Site "Venezia ITA"]
[Date "2003.11.01"]
[Round "3"]
[White "Roberti, Ignazio"]
[Black "Maneschi, Giuseppe"]
[Result "1/2-1/2"]
[WhiteElo "1990"]
[BlackElo "2091"]
[PlyCount "28"]
[EventDate "2003.10.30"]

1. e4 d6 2. d4 Nf6 3. Nc3 g6 4. Nf3 Bg7 5. Bd3 O-O 6. O-O Bg4 7. h3 Bxf3 8.
Qxf3 Nc6 9. Ne2 e5 10. c3 Nd7 11. Be3 Ne7 12. g4 c5 13. d5 Kh8 14. Ng3 Ng8
1/2-1/2

[Event "Autunno Scacchistico Magistrale"]
[Site "Venezia ITA"]
[Date "2003.11.01"]
[Round "3"]
[White "Vancini, Edoardo"]
[Black "Godena, Michele"]
[Result "1/2-1/2"]
[WhiteElo "2284"]
[BlackElo "2523"]
[PlyCount "49"]
[EventDate "2003.10.30"]

1. e4 e5 2. Nf3 Nc6 3. d4 exd4 4. Nxd4 Bb4+ 5. c3 Be7 6. g3 d6 7. Bg2 Bd7 8.
O-O Nf6 9. Na3 O-O 10. Nac2 Re8 11. Ne3 Bf8 12. Qc2 Ne5 13. Ne2 c6 14. b3 h5
15. h3 Ng6 16. c4 Rc8 17. Bb2 Qe7 18. Nc3 h4 19. Nf5 Qd8 20. Qd2 Be6 21. Qg5
hxg3 22. fxg3 Nh7 23. Qd2 Rc7 24. Rad1 Rd7 25. Qd4 1/2-1/2

[Event "Autunno Scacchistico Magistrale"]
[Site "Venezia ITA"]
[Date "2003.11.01"]
[Round "3"]
[White "Zanin, Dario"]
[Black "Di Lascio, Savino"]
[Result "0-1"]
[WhiteElo "2039"]
[BlackElo "2101"]
[PlyCount "138"]
[EventDate "2003.10.30"]

1. e4 c6 2. d4 d5 3. e5 Bf5 4. Nc3 e6 5. g4 Bg6 6. Nge2 Be7 7. Nf4 Nh6 8. Bd3
c5 9. Bxg6 hxg6 10. Be3 cxd4 11. Qxd4 Nc6 12. Qa4 Nxg4 13. Nxe6 fxe6 14. Qxg4
Nxe5 15. Qxe6 Qd6 16. Qxd5 Qxd5 17. Nxd5 Bd6 18. O-O-O Kf7 19. Nc3 Nc4 20. Ne4
Bxh2 21. Rd7+ Kg8 22. Rxb7 Nxe3 23. fxe3 Re8 24. Rxa7 Rh5 25. Ra4 Bf4 26. Re1
Bh6 27. Kd2 Rhe5 28. Kd3 R8e7 29. Rd4 g5 30. Rg1 Kh7 31. Rg4 Kg6 32. a4 Kf5 33.
Ng3+ Kf6 34. e4 g6 35. Nh1 Rb7 36. b3 Bf8 37. Rc4 Rh7 38. Rc6+ Kf7 39. Rc7+ Be7
40. Kd4 Ke6 41. Nf2 Ra5 42. Rc4 Rh4 43. Rg2 Bf6+ 44. Kd3 Ra8 45. Rc6+ Kf7 46.
Ng4 Rd8+ 47. Kc4 Bg7 48. Rc7+ Kg8 49. c3 Rh3 50. Rc2 Rg3 51. Nf2 g4 52. b4 Rg2
53. Kb3 g3 54. Nh3 Rh2 55. Ng1 Rd1 56. Ne2 g2 57. Rc8+ Kh7 58. b5 Re1 59. b6
Rxe2 60. Rxe2 g1=Q 61. Rxh2+ Qxh2 62. b7 Be5 63. Kc4 Bb8 64. Kb5 Qe5+ 65. Kb6
Qd6+ 66. Rc6 Qd8+ 67. Kb5 Qd3+ 68. c4 Qb3+ 69. Ka5 Qxb7 0-1

[Event "Autunno Scacchistico Magistrale"]
[Site "Venezia ITA"]
[Date "2003.11.01"]
[Round "4"]
[White "Boricsev, Oleg"]
[Black "Vancini, Edoardo"]
[Result "1-0"]
[WhiteElo "2342"]
[BlackElo "2284"]
[PlyCount "71"]
[EventDate "2003.10.30"]

1. e4 c5 2. c3 Qa5 3. Nf3 Nc6 4. Bc4 Nf6 5. e5 d5 6. exd6 e6 7. O-O Bxd6 8. d4
cxd4 9. cxd4 Qh5 10. h3 O-O 11. Bg5 Ne4 12. Be3 e5 13. Nc3 Nxc3 14. bxc3 exd4
15. cxd4 Bd7 16. Rb1 Rae8 17. Rb5 Qg6 18. Bd3 f5 19. Rxb7 Bc8 20. Bc4+ Kh8 21.
Nh4 Qf6 22. Qh5 Bxb7 23. Bg5 Re6 24. Bxf6 Rexf6 25. Qd1 g5 26. Nf3 g4 27. Ng5
Na5 28. Bb3 Nxb3 29. Qxb3 Bc8 30. d5 Rg6 31. h4 h6 32. Ne6 Rfg8 33. Qc3+ Kh7
34. h5 Rxe6 35. dxe6 Bxe6 36. Qf6 1-0

[Event "Autunno Scacchistico Magistrale"]
[Site "Venezia ITA"]
[Date "2003.11.01"]
[Round "4"]
[White "Del Monaco, Andrea"]
[Black "Zotti, Enrico"]
[Result "1-0"]
[WhiteElo "2175"]
[BlackElo "2043"]
[PlyCount "49"]
[EventDate "2003.10.30"]

1. d4 Nf6 2. c4 g6 3. Nc3 Bg7 4. e4 d6 5. f3 O-O 6. Nge2 Nc6 7. Be3 e5 8. d5
Ne7 9. g4 c6 10. Ng3 cxd5 11. cxd5 a6 12. Qd2 b5 13. Be2 Bb7 14. h4 Rc8 15. h5
Re8 16. Kf2 Nd7 17. Rh2 Qc7 18. Bh6 Bxh6 19. Qxh6 Nf8 20. Rg1 b4 21. Nd1 Kh8
22. Nf5 Nxf5 23. gxf5 Qc1 24. Ne3 Qd2 25. f6 1-0

[Event "Autunno Scacchistico Magistrale"]
[Site "Venezia ITA"]
[Date "2003.11.01"]
[Round "4"]
[White "Di Lascio, Savino"]
[Black "Rigo, Gianfrancesco"]
[Result "1-0"]
[WhiteElo "2101"]
[BlackElo "2059"]
[PlyCount "81"]
[EventDate "2003.10.30"]

1. Nf3 e6 2. g3 Nf6 3. Bg2 d5 4. O-O Be7 5. d3 b6 6. c3 Bb7 7. Nbd2 O-O 8. b4
Nbd7 9. Qc2 c5 10. b5 a6 11. c4 axb5 12. cxb5 Ra5 13. a4 Qa8 14. Bb2 Rc8 15.
Rfc1 Bd6 16. h4 Ng4 17. Bh3 Nde5 18. Nxe5 Nxe5 19. f4 Ng6 20. e3 Re8 21. h5 Nf8
22. Bc3 Ra7 23. Qb2 f6 24. Nb3 e5 25. a5 d4 26. Be1 exf4 27. axb6 Rxa1 28. Rxa1
Qb8 29. exf4 Bf3 30. Na5 Bxh5 31. Qg2 Re2 32. Qc6 Bxf4 33. Qd5+ Bf7 34. Qf3
Be3+ 35. Kh1 Rc2 36. b7 Qd6 37. Nc6 Bd5 38. Ne7+ Qxe7 39. Qxd5+ Kh8 40. b8=Q
Bc1 41. Qxf8+ 1-0

[Event "Autunno Scacchistico Magistrale"]
[Site "Venezia ITA"]
[Date "2003.11.01"]
[Round "4"]
[White "Di Lazzaro, Gabriele"]
[Black "Solinas, Carlo"]
[Result "1/2-1/2"]
[WhiteElo "2013"]
[BlackElo "2065"]
[PlyCount "42"]
[EventDate "2003.10.30"]

1. e4 e5 2. d4 exd4 3. Qxd4 Nc6 4. Qe3 Nf6 5. Nc3 Bb4 6. Bd2 O-O 7. O-O-O Re8
8. Qg3 Nxe4 9. Nxe4 Rxe4 10. Bf4 Qf6 11. Bxc7 d5 12. Bd3 Rg4 13. Qe3 Bd7 14.
Qh3 Bf5 15. Bxf5 Qxf5 16. Nf3 Qg6 17. Rxd5 Rc4 18. Qf5 Qxf5 19. Rxf5 Ne7 20.
Rf4 Rxf4 21. Bxf4 Nd5 1/2-1/2

[Event "Autunno Scacchistico Magistrale"]
[Site "Venezia ITA"]
[Date "2003.11.01"]
[Round "4"]
[White "Djuric, Stefan"]
[Black "Groszpeter, Attila"]
[Result "1/2-1/2"]
[WhiteElo "2488"]
[BlackElo "2497"]
[PlyCount "26"]
[EventDate "2003.10.30"]

1. e4 c6 2. Nc3 d5 3. Nf3 Bg4 4. h3 Bxf3 5. Qxf3 e6 6. d4 Nf6 7. e5 Nfd7 8. Qg3
Qb6 9. f4 Qxd4 10. Be3 Qb4 11. O-O-O g6 12. h4 h5 13. Be2 Qa5 1/2-1/2

[Event "Autunno Scacchistico Magistrale"]
[Site "Venezia ITA"]
[Date "2003.11.01"]
[Round "4"]
[White "Drazic, Sinisa"]
[Black "Jurkovic, Ante"]
[Result "0-1"]
[WhiteElo "2467"]
[BlackElo "2317"]
[PlyCount "136"]
[EventDate "2003.10.30"]

1. e4 e6 2. d4 d5 3. Nc3 Nf6 4. Bg5 Be7 5. e5 Nfd7 6. Bxe7 Qxe7 7. f4 O-O 8.
Nf3 c5 9. Qd2 Nc6 10. O-O-O c4 11. f5 Nb6 12. g4 exf5 13. gxf5 Bxf5 14. Qf4 Bg6
15. Bh3 Nd8 16. Rhg1 Ne6 17. Qg3 Qd7 18. Ng5 Rae8 19. Rd2 Na4 20. Bxe6 fxe6 21.
Nxh7 Bxh7 22. Nxa4 Rf7 23. b3 b6 24. Rf2 Rxf2 25. Qxf2 Rc8 26. c3 Rf8 27. Qd2
Rf3 28. Kb2 Qf7 29. Rg2 Bd3 30. Qg5 Qf8 31. Qg4 Rf5 32. h4 Qf7 33. Rg1 Rf2+ 34.
Ka1 Kh7 35. bxc4 Bxc4 36. Rg2 Rf4 37. Qg3 Bb5 38. h5 Bxa4 39. h6 gxh6 40. Kb2
Bb5 41. Rh2 Rf5 42. Qh4 Qg7 43. Qh3 Bf1 44. Qh4 Qg5 45. Qe1 Qf4 46. Rd2 Bc4 47.
a4 a5 48. Rc2 Rf7 49. Qd1 Qf5 50. Rd2 b5 51. axb5 Rb7 52. Qc1 Rxb5+ 53. Ka1 Rb3
54. Rh2 Qf8 55. Qe1 Bd3 56. Rb2 Qa3+ 57. Ra2 Qe7 58. Rb2 Ra3+ 59. Ra2 Rb3 60.
Rb2 Rxb2 61. Kxb2 Qb7+ 62. Ka3 Bc4 63. Qd1 Qb3+ 64. Qxb3 Bxb3 65. Kxb3 Kg6 66.
c4 dxc4+ 67. Kxc4 Kf7 68. Kc5 Ke7 0-1

[Event "Autunno Scacchistico Magistrale"]
[Site "Venezia ITA"]
[Date "2003.11.01"]
[Round "4"]
[White "Fattorelli, Luciano"]
[Black "Verducci, Gianni"]
[Result "1-0"]
[WhiteElo "2169"]
[BlackElo "1959"]
[PlyCount "95"]
[EventDate "2003.10.30"]

1. e4 e6 2. d4 d5 3. Nd2 Nf6 4. e5 Nfd7 5. Bd3 c5 6. c3 Nc6 7. Ne2 Qb6 8. Nf3
cxd4 9. cxd4 Bb4+ 10. Bd2 O-O 11. Rc1 f6 12. exf6 Nxf6 13. O-O Bd7 14. Bxb4
Nxb4 15. Bb1 Bb5 16. a3 Nc6 17. Re1 Bc4 18. Nf4 e5 19. Nxe5 Nxe5 20. dxe5 Ne4
21. Bxe4 Rxf4 22. Bxd5+ Bxd5 23. Qxd5+ Kh8 24. Qd2 Raf8 25. Re2 Rd4 26. Qe3 Qd8
27. Rce1 b6 28. e6 Re8 29. e7 Qd7 30. Qb3 Rd6 31. Re5 h6 32. Re6 Rd3 33. Qc2
Kg8 34. Qc4 Kh8 35. h3 Rd4 36. Qc3 Kg8 37. Qb3 Kh8 38. Qf3 Kg8 39. R6e4 Rd6 40.
Qb3+ Kh8 41. Re5 Kh7 42. Qf3 Kg8 43. Qe4 Kh8 44. Rf5 Kg8 45. Qc4+ Kh7 46. Rf7
Rd1 47. Qc2+ Rd3 48. Rf3 1-0

[Event "Autunno Scacchistico Magistrale"]
[Site "Venezia ITA"]
[Date "2003.11.01"]
[Round "4"]
[White "Genna, Jose' Miguel"]
[Black "Navarro, Emanuele"]
[Result "1-0"]
[WhiteElo "2048"]
[BlackElo "2217"]
[PlyCount "105"]
[EventDate "2003.10.30"]

1. e4 d6 2. d4 Nf6 3. Nc3 g6 4. Nf3 Bg7 5. Be2 O-O 6. O-O Nc6 7. Bg5 Bg4 8. h3
Bxf3 9. Bxf3 e5 10. dxe5 Nxe5 11. Be2 h6 12. Be3 Qe7 13. Qd2 Kh7 14. f4 Ned7
15. Bf3 Nb6 16. Qd3 c6 17. Rfe1 Rad8 18. Rad1 Rfe8 19. Qf1 Qc7 20. Bd4 Nfd7 21.
Bxg7 Kxg7 22. Qf2 Nf6 23. Qd4 Nc8 24. Bg4 a5 25. a4 Ne7 26. Re2 d5 27. e5 Nxg4
28. hxg4 c5 29. Qf2 Qc8 30. Qf3 Nc6 31. Nb5 d4 32. Nd6 Rxd6 33. exd6 Rd8 34.
Rde1 Rxd6 35. Re8 Qd7 36. g5 h5 37. Ra8 Re6 38. Qf2 c4 39. Rf1 d3 40. cxd3 cxd3
41. Qc5 Qd4+ 42. Qxd4+ Nxd4 43. Rd1 Re3 44. Rd8 Ne6 45. R8xd3 Re4 46. Rd7 Rxa4
47. Rxb7 Rxf4 48. Rf1 Rd4 49. Rfxf7+ Kg8 50. Rfe7 Nf8 51. Re8 Rd5 52. Rbb8 Rf5
53. Re6 1-0

[Event "Autunno Scacchistico Magistrale"]
[Site "Venezia ITA"]
[Date "2003.11.01"]
[Round "4"]
[White "Godena, Michele"]
[Black "Cristiani, Cesare"]
[Result "1-0"]
[WhiteElo "2523"]
[BlackElo "2137"]
[PlyCount "71"]
[EventDate "2003.10.30"]

1. e4 e6 2. d4 d5 3. Nd2 Nf6 4. e5 Nfd7 5. Bd3 c5 6. c3 Nc6 7. Ne2 cxd4 8. cxd4
f6 9. exf6 Nxf6 10. Nf3 Bd6 11. O-O Qc7 12. Bg5 O-O 13. Bh4 Nh5 14. Qc2 h6 15.
Bh7+ Kh8 16. Bg6 Nf4 17. Nxf4 Rxf4 18. Bg3 Rf6 19. Bd3 Bxg3 20. hxg3 Qd6 21.
Bb5 Rxf3 22. gxf3 Nxd4 23. Qg6 Bd7 24. Bxd7 Qxd7 25. Qg4 Nc6 26. Rfe1 Re8 27.
b4 Qf7 28. b5 Na5 29. f4 Nc4 30. Rad1 b6 31. f5 e5 32. Qg6 Qd7 33. Rxd5 Qxd5
34. Qxe8+ Kh7 35. Qg6+ Kh8 36. Rc1 1-0